000 01110nam a2200229 a 4500
001 001060653
003 AM-YeHGA
005 20250617151119.0
008 150220s1980 ||| r 000 0 rus d
040 _aAM-YeHGA
041 0 _arus
100 1 _aБахаев, Владимир Бахрушкевич
245 1 0 _aОбщественно-просветительская и краеведческая деятельность декабристов в Бурятии /
_cВ.Б. Бахаев; Отв. ред.: П.Т. Хаптаев; АН СССР, Сиб. отд-ние, Бурят. фил., Бурят. ин-т обществ. наук.
260 _aНовосибирск :
_bНаука, Сиб. отд-ние,
_c1980.
300 _a175 с.
504 _aБиблиогр.: с. 164-170
653 0 _aДекабристы в Бурятии
653 0 _aИстория - Бурятия
710 2 _aАкадемия наук СССР
_bСибирское отделение
710 2 _aБурятский институт общественных наук СО АН СССР
090 _c346709
999 _c344911
_d344911